Digital marketing : (Record no. 3295)
[ view plain ]
| 000 -LEADER | |
|---|---|
| fixed length control field | 00759cam a2200253 i 4500 |
| 008 - FIXED-LENGTH DATA ELEMENTS--GENERAL INFORMATION | |
| fixed length control field | 210723t20222022caua b 001 0 eng d |
| 020 ## - INTERNATIONAL STANDARD BOOK NUMBER | |
| ISBN | 9781529742817 |
| 020 ## - INTERNATIONAL STANDARD BOOK NUMBER | |
| ISBN | 1529742811 |
| 020 ## - INTERNATIONAL STANDARD BOOK NUMBER | |
| ISBN | 9781529742800 |
| 020 ## - INTERNATIONAL STANDARD BOOK NUMBER | |
| ISBN | 1529742803 |
| 100 1# - MAIN ENTRY--AUTHOR | |
| Author | Hanlon, Annmarie, |
| 245 10 - TITLE STATEMENT | |
| Title | Digital marketing : |
| Remainder of title | strategic planning & integration / |
| Statement of responsibility, etc | Annmarie Hanlon. |
| 250 ## - EDITION STATEMENT | |
| Edition statement | Second edition. |
| 260 ## - PUBLICATION, DISTRIBUTION, ETC. (IMPRINT) | |
| Place of publication | London |
| Name of publisher | SAGE |
| Date of publication | 2022 |
| 300 ## - COLLATION | |
| Pagination | xvii, 454 pages : |
| Other physical details | illustrations (chiefly color) ; |
| 500 ## - GENERAL NOTE | |
| General note | Originally published: 2019. |
| 650 #0 - TRACINGS | |
| Main Subject | Internet marketing. |
| 650 #6 - TRACINGS | |
| Main Subject | Marketing sur Internet. |
| 650 #7 - TRACINGS | |
| Main Subject | Internet marketing. |
| 650 #7 - TRACINGS | |
| Main Subject | Internet marketing |
| 942 ## - ADDED ENTRY ELEMENTS (KOHA) | |
| Item type | Books |
| 050 00 - LIBRARY OF CONGRESS CALL NUMBER | |
| Classification number | HF5415.1265 |
| Item number | .H35775 2022 |
| 082 04 - DEWEY DECIMAL CLASSIFICATION NUMBER | |
| Classification number | 658.87202854 |
| Source of classification or shelving scheme | Not for loan | Permanent location | Current location | Date acquired | Accession No. | Full call number | Barcode. | Koha item type |
|---|---|---|---|---|---|---|---|---|
| Library of Congress Classification | Samuel Ogbemudia Main Library, University of Abuja | Samuel Ogbemudia Main Library, University of Abuja | 05/05/2025 | 2024/63734 | HF5415.1265.H36 | 2025-1750 | Books |